[Event "Opera Euro Rapid Prelims 2021"]
[Site "Online"]
[Date "2021.02.03"]
[Round "7.1"]
[White "Bluebaum, Matthias"]
[Black "Dubov, Daniil"]
[Result "1/2-1/2"]
[WhiteElo "2670"]
[BlackElo "2710"]
[Annotator "TA"]
[PlyCount "146"]
[EventDate "2021.02.02"]
[EventType "tourn"]
[EventCountry "NET"]
[Tiebreak "Koya+Number of black wins+Number of wins"]
[SourceTitle "playchess.com"]
[Source "ChessBase"]
[SourceQuality "1"]

{[%evp 9,145,15,24,11,25,33,68,50,75,56,60,53,135,38,40,40,45,45,82,81,104,58,
80,47,48,55,61,70,65,12,21,6,15,-27,-18,-20,-32,-6,-12,-50,-15,-4,7,0,0,0,0,0,
6,8,8,7,9,4,10,8,7,4,6,6,6,6,6,6,7,6,7,0,16,0,0,0,0,0,0,0,0,0,0,0,0,0,0,0,0,0,
0,0,0,0,0,0,0,0,0,0,226,226,262,220,95,101,385,416,398,281,288,288,288,0,0,0,
295,0,0,0,0,0,0,0,0,0,0,0,0,0,0,0,0,0,29975,0,29975,29975,29976,0,0,0]} 1. d4
Nf6 2. Nf3 d5 3. e3 c5 4. Nbd2 g6 5. dxc5 Bg7 6. c3 {D04: Colle System.} O-O 7.
b4 {[#]} Nfd7 $146 ({Predecessor:} 7... Ng4 8. Bb2 a5 9. a3 e5 10. h3 Nxe3 11.
fxe3 e4 12. Nxe4 axb4 13. axb4 Rxa1 14. Bxa1 dxe4 15. Qxd8 Rxd8 {1-0 (41) Petr,
M (2510)-Karpatchev,A (2475) Germany 2016}) 8. Bb2 {White is slightly better.}
b6 9. cxb6 a5 10. b5 a4 (10... Nxb6 $14 11. Be2 Qd6) 11. Rb1 ({White should try
} 11. Qc1 $16) 11... a3 $1 $14 {[%cal Ra3b2]} 12. Ba1 Nxb6 13. Be2 Bf5 14. Rc1
Na4 15. O-O Nd7 16. Nb3 {[%cal Bd2b3,Bb3d4,Bd4c6][%mdl 32]} Ndb6 17. Nbd4 $1
Bd7 18. Qb3 Nc5 19. Qb4 (19. Qc2 $14) 19... Qc7 $11 20. Nc6 Qd6 21. Qf4 Qxf4 $1
22. exf4 ({Not} 22. Nxe7+ $2 Kh8 $19) 22... Bxc6 23. bxc6 Rfc8 24. c4 Bxa1 ({
Of course not} 24... dxc4 $6 25. Bxg7 Kxg7 26. Bxc4 $14) 25. Rxa1 (25. cxd5 $2
Nb3 $1 $17) 25... Nxc4 26. Bxc4 dxc4 27. Rac1 Ra4 28. Ne5 Nd3 (28... Ne4 {
feels hotter.} 29. Rc2 c3 30. f3 Nd2 31. Rfc1 f6) 29. Nxd3 cxd3 {[%mdl 4096]
Endgame KRR-KRR} 30. Rfd1 Rd4 31. g3 Rd6 32. Rd2 Kg7 33. Rc3 Rcxc6 34. Rxc6
Rxc6 35. Rxd3 {KR-KR} Ra6 $1 36. Kg2 Kf6 37. Re3 h6 38. g4 g5 39. fxg5+ hxg5
40. Kg3 Ra4 41. h4 gxh4+ 42. Kxh4 e6 43. Kg3 Kg5 44. f3 f5 45. Rxe6 {Strongly
threatening Re5.} (45. gxf5 {with more complications.} Kxf5 46. Rb3 e5 47. Rb5
Kf6 48. Rb6+) 45... fxg4 46. Re5+ Kf6 47. f4 Rc4 48. Ra5 Rc1 49. Kxg4 {And now
Ra6+ would win.} Rg1+ 50. Kf3 Rf1+ 51. Kg3 (51. Ke2 {is interesting.} Rxf4 52.
Rxa3 Ke5 53. Rd3 Rg4 54. Re3+) 51... Rg1+ 52. Kf2 Rb1 (52... Rh1 $11) 53. Rxa3
$18 Kf5 54. Ra4 Rc1 (54... Rh1 $18 55. Kg3 Rg1+ 56. Kf3 Rf1+ 57. Ke3 Re1+ 58.
Kd3 Rf1) 55. Ke3 $16 Rc3+ $2 {[%mdl 8192]} (55... Re1+ $16 {might work better.}
56. Kd3 Rf1) 56. Kd4 $18 Rf3 57. Kc5 Rf2 58. a3 Rf3 {[#]} 59. Ra8 $2 (59. Ra6
$1 $18) 59... Ke6 $1 $11 60. Ra4 $2 {[%mdl 8192]} (60. Kc6 $11 Rxf4 61. a4 Rc4+
62. Kb5) 60... Kf5 $18 {[#]} 61. Ra7 $2 (61. Ra6 $1 $18) 61... Ke6 $11 62. a4 {
a5 is the strong threat.} (62. Ra6+ {looks sharper.} Ke7 63. Ra4 Ke6 64. Ra8
Ke7 65. Ra4) 62... Rxf4 63. a5 Rf1 64. Rh7 {Hoping for a6.} Rc1+ 65. Kb6 Kd6 $1
66. Rh6+ Kd7 $1 67. Kb7 {aiming for a6.} Rc7+ 68. Kb6 {Threatening mate with
Rh7+.} Rc1 69. Rh7+ Kc8 $2 {[%mdl 8192]} (69... Kd6 $11) 70. Rh8+ Kd7 {If
Black can now play ...Rb1+ this consolidates a bit.} 71. a6 Rb1+ 72. Ka7 $2 (
72. Kc5 {mates} Rc1+ 73. Kd5 Rd1+ 74. Ke4 Re1+ 75. Kd3 Rd1+ 76. Kc2 Rf1 77. a7)
72... Kc7 73. Rb8 Rxb8 {Weighted Error Value: White=0.17/Black=0.21} 1/2-1/2

[Event "Opera Euro Rapid Prelims 2021"]
[Site "Online"]
[Date "2021.02.03"]
[Round "7.2"]
[White "Shankland, Sam"]
[Black "Aronian, Levon"]
[Result "0-1"]
[WhiteElo "2691"]
[BlackElo "2781"]
[Annotator "TA"]
[PlyCount "130"]
[EventDate "2021.02.02"]
[EventType "tourn"]
[EventCountry "NET"]
[Tiebreak "Koya+Number of black wins+Number of wins"]
[SourceTitle "playchess.com"]
[Source "ChessBase"]
[SourceQuality "1"]

{[%evp 12,130,19,7,20,16,30,21,25,20,35,32,37,0,7,0,16,6,0,0,29,0,0,10,35,27,
38,35,81,74,74,84,75,79,76,0,0,0,0,0,1,0,0,0,0,0,19,8,8,8,11,0,0,0,0,-52,-42,
-241,-229,-313,-336,-339,-336,-345,-345,-470,-212,-205,-62,-613,-583,-919,-754,
-1017,-949,-1668,-1473,-1459,-1459,-1452,-1262,-1398,-8,-8,-8,-8,-8,-8,-8,-8,
-8,-8,-8,-8,-8,-8,-8,-8,0,-8,0,-8,0,0,0,0,0,-29980,-29981,-29981,-29982,-29982,
-29983,-29983,-29984,-29984,-29985,-29987,-29988,-29988,-29989]} 1. d4 Nf6 2.
c4 e6 3. Nf3 d5 4. Nc3 Bb4 5. cxd5 exd5 6. Bg5 h6 7. Bh4 O-O {D38: Queen's
Gambit Declined: Ragozin Defence (4 Nf3 Bb4).} 8. e3 Bf5 9. Qb3 Bxc3+ {The
position is equal.} 10. Qxc3 {The modern move.} g5 $5 {[%mdl 4] An interesting
side line.} 11. Bg3 Ne4 12. Qa3 {[#]} (12. Bxc7 $2 Qe7 $19) 12... Nd7 $1 $146 {
[%cal Bb8d7,Bd7f6,Bf6e4][%mdl 8] A top novelty.} ({Predecessor:} 12... Nc6 13.
Bb5 Ne7 14. Nd2 c6 15. Bd3 Nxd2 16. Kxd2 Bxd3 17. Qxd3 Qa5+ 18. Ke2 f5 {
0-1 (67) Carlsen,M (2876)-Firouzja,A (2702) chess24.com INT 2020}) 13. Bd3 Re8
14. Nd2 Ndf6 15. Nxe4 Bxe4 16. O-O Bxd3 17. Qxd3 Ne4 18. Be5 c6 19. f3 Nc5 20.
Qf5 ({Don't play} 20. dxc5 Rxe5 21. f4 Re4 $15) 20... Qe7 21. f4 Ne4 {next ...
f6 is good for Black.} 22. fxg5 hxg5 23. Rf3 (23. Qg4 $1 $16 {Rf6! is the
strong threat.} f6 24. Bxf6 $1 {[%mdl 64] Remove Defender, Decoy} Nxf6 25.
Qxg5+ {[%mdl 64] Double Attack} Qg7 26. Qxf6) 23... f6 $1 $11 {[%cal Rf6e5]}
24. Bxf6 Qxf6 25. Qxf6 Nxf6 26. Rxf6 Rxe3 {[%mdl 4096] Endgame KRR-KRR} 27.
Rg6+ Kh7 28. Rxg5 Rg8 29. Rxg8 (29. Re5 {seems wilder.} Rd3 30. Re7+ Rg7 31.
Rae1 Rxd4 32. Rxg7+ Kxg7 33. Re7+) 29... Kxg8 {KR-KR} 30. Kf2 Rd3 31. g4 Rxd4
32. Kg3 Rd3+ 33. Kh4 ({Better is} 33. Kf4 $11) 33... Rd2 $15 34. h3 (34. Kg3 $1
$15) 34... Rxb2 $19 35. Kg5 d4 36. Rd1 c5 ({Stronger than} 36... Rxa2 37. Rxd4
Rf2 38. Kg6 $11) 37. h4 Rxa2 38. h5 b5 (38... Ra6 $142 39. Kf4 Rd6) 39. h6 {
intending Re1.} b4 $1 {[%cal Rb4b3] White must now prevent ...b3.} 40. Re1 $2 {
[%mdl 8192]} (40. Rc1 $15) 40... b3 $1 41. Re8+ Kf7 42. h7 Rh2 (42... Kxe8 $2 {
too greedy.} 43. h8=Q+ Kd7 44. Qb8 $18) 43. h8=Q Rxh8 44. Rxh8 {KR-KP} c4 45.
Kf5 c3 {Strongly threatening ...c2.} 46. g5 {[#]} b2 $2 (46... c2 $1 $19 {
[%cal Rc2c1]} 47. g6+ Kg7) 47. g6+ $11 Ke7 48. Rb8 $1 {White threatens g7 and
mate.} c2 49. g7 b1=Q 50. g8=Q {[%csl Gf5][%cal Rg8e6]} c1=Q+ 51. Rxb1 Qxb1+ {
KQ-KQ} 52. Ke5 d3 53. Qe6+ Kd8 54. Qd6+ Kc8 {( -> ...Qb8)} 55. Qc6+ (55. Qe6+ {
feels hotter.} Kb8 56. Qd6+ Ka8 57. Qd5+ Qb7 58. Qxd3 Qb6 59. Qd5+) 55... Kb8
56. Kd4 (56. Qe8+ {with more complications.} Kc7 57. Kd4 Qc2 58. Qe7+ Kb6 59.
Qd6+) 56... d2 57. Qd6+ Kb7 58. Qe7+ Kb6 59. Qd8+ $2 {[%mdl 8192]} (59. Qc5+
$11 Kb7 60. Qe7+ Kc8 61. Qe8+ Kc7 62. Qe7+ Kc6 63. Qe8+ Kd6 64. Qf8+ Ke6 65.
Qh6+ Kf7 66. Qxd2) 59... Ka6 {Black mates.} 60. Qc8+ Ka5 61. Qc5+ {[#]} Qb5 $1
62. Qxa7+ Kb4 63. Qe7+ Ka4 64. Qa7+ Kb3 65. Qf7+ Kb2 {Weighted Error Value:
White=0.65/Black=0.24} 0-1

[Event "Opera Euro Rapid Prelims 2021"]
[Site "Online"]
[Date "2021.02.03"]
[Round "7.4"]
[White "Duda, Jan-Krzysztof"]
[Black "Vachier-Lagrave, Maxime"]
[Result "1/2-1/2"]
[WhiteElo "2743"]
[BlackElo "2784"]
[Annotator "TA"]
[PlyCount "130"]
[EventDate "2021.02.02"]
[EventType "tourn"]
[EventCountry "NET"]
[Tiebreak "Koya+Number of black wins+Number of wins"]
[SourceTitle "playchess.com"]
[Source "ChessBase"]
[SourceQuality "1"]

{[%evp 14,130,22,11,18,19,30,18,27,31,41,38,50,33,33,54,87,14,22,22,22,14,22,
27,25,32,20,0,22,0,88,0,0,0,0,0,0,0,0,0,0,0,0,0,0,0,0,0,0,6,31,31,19,14,14,15,
15,15,15,15,31,32,31,18,34,34,34,34,34,34,34,34,34,34,36,8,8,8,8,8,8,0,0,0,8,8,
8,8,8,8,57,0,0,0,0,0,0,0,0,0,0,0,0,0,0,0,0,0,0,0,0,0,0,0,0,0,0,0,0]} 1. d4 Nf6
2. c4 g6 3. Nc3 d5 4. Nf3 Bg7 5. Qb3 dxc4 6. Qxc4 O-O 7. e4 Nc6 8. Be2 e5 {
[%cal Re5d4] 8...Bg4 is vanishing. D97: Grünfeld: Russian System: 7 e4,
replies other than 7...Bg4.} 9. d5 ({Not} 9. Nxe5 Nxd4 10. O-O Nxe4 $1 $17 {
[%mdl 512]}) 9... Nd4 10. Nxd4 exd4 11. Qxd4 c6 12. Qc4 b5 13. Qxc6 Bd7 14. Qd6
Re8 15. e5 (15. f3 $16) 15... Ng4 16. e6 fxe6 17. h3 ({Worse is} 17. Nxb5 Be5
$1 $19) 17... Ne5 {[#]} 18. O-O $146 ({Predecessor:} 18. dxe6 Bxe6 19. Qxd8
Raxd8 20. Bxb5 Bc4 21. Bxe8 Nd3+ 22. Kf1 Bxc3 23. bxc3 Nxc1+ 24. Kg1 {1/2-1/2 
(36) Yu,Y (2763)-Vachier Lagrave,M (2774) Khanty-Mansiysk 2019}) 18... Nf7 19.
Qa3 exd5 {Hoping for ...d4.} 20. Bf3 d4 21. Ne4 Bc6 {[#]} (21... Rc8 $11 {
keeps the balance.}) 22. Ng5 Bxf3 $11 23. Nxf3 Qd5 24. Rd1 Nd6 25. Qd3 Rac8 26.
a4 b4 {[%cal Bb5b4,Bb4b3][%mdl 32]} 27. Be3 {[%cal Re3d4]} Nc4 28. Rab1 {
[%cal Re3d4]} Nxe3 29. fxe3 b3 30. exd4 Rc2 31. Rd2 Qc4 (31... Rec8 {looks
sharper.} 32. Qe3 a5 33. Rf1 Qc4 34. Rff2 Qd5) 32. Qxc4+ Rxc4 33. Rd3 Rxa4 34.
Rxb3 Bxd4+ 35. Nxd4 Rxd4 {[%mdl 4096] Endgame KRR-KRR} 36. Rb7 Rd2 37. Rc1 {
Rcc7 is the strong threat.} Rf8 $1 38. b3 (38. b4 {is interesting.} Ra2 39.
Rcc7 Rff2 40. Kh1 Rf1+ 41. Kh2) 38... Rf7 39. Rc8+ Kg7 40. Rxf7+ Kxf7 $14 {
KR-KR} 41. Rc7+ Kf6 42. Rxa7 Rb2 43. Rb7 h5 44. h4 Rc2 45. Rb4 Kf5 46. Kh2 Rc3
47. Rb5+ Kg4 48. Rb4+ (48. Rg5+ {with more complications.} Kxh4 49. Rxg6 Rh3+
50. gxh3) 48... Kf5 49. g3 Rc2+ 50. Kh3 Kf6 (50... Rc3 {feels hotter.} 51. Rb5+
Ke4 52. b4 Rb3 53. Rb6 Kf5) 51. Rf4+ Kg7 52. b4 (52. Rc4 $14 Rb2 53. Rb4) 52...
Rb2 $11 {The position is equal.} 53. Rc4 Kh6 54. g4 Rb3+ 55. Kg2 {Strongly
threatening g5+.} hxg4 56. Rxg4 Kh5 57. Rc4 (57. Rd4 {is interesting.} g5 58.
hxg5 Kxg5 59. Kf2 Kf6 60. Ke2) 57... g5 58. hxg5 Kxg5 59. Kf2 Kf5 60. Ke2 Ke5
61. Kd2 Kd5 62. Rc5+ Kd4 63. Rh5 Rxb4 64. Rh4+ Kc5 65. Rxb4 Kxb4 {Weighted
Error Value: White=0.07/Black=0.06} 1/2-1/2

[Event "Opera Euro Rapid Prelims 2021"]
[Site "Online"]
[Date "2021.02.03"]
[Round "7.5"]
[White "Grischuk, Alexander"]
[Black "Carlsen, Magnus"]
[Result "1/2-1/2"]
[WhiteElo "2777"]
[BlackElo "2862"]
[Annotator "TA"]
[PlyCount "129"]
[EventDate "2021.02.02"]
[EventType "tourn"]
[EventCountry "NET"]
[Tiebreak "Koya+Number of black wins+Number of wins"]
[SourceTitle "playchess.com"]
[Source "ChessBase"]
[SourceQuality "1"]

{[%evp 9,129,45,47,31,38,29,35,37,38,25,18,14,21,0,0,0,3,2,7,8,10,5,11,0,12,17,
59,61,65,70,70,63,67,66,64,63,82,57,75,69,69,47,47,38,38,38,47,36,37,0,36,0,31,
11,25,11,11,11,29,0,11,11,11,11,11,0,0,0,16,-21,-21,-21,-20,-16,-16,-14,-19,
-32,-38,-30,-45,-94,-114,-108,-118,-113,-2,-5,0,0,0,0,0,0,-3,-6,0,0,0,0,0,0,0,
0,0,0,0,0,0,0,0,0,0,0,0,0,0,0,0,0,0,0]} 1. e4 c5 2. Nf3 Nc6 3. Nc3 e5 4. Bc4 g6
5. d3 h6 $1 6. O-O {B30: Sicilian: 2...Nc6 3 Bb5, lines without ...g6.} Bg7 7.
a3 d6 8. b4 {White is slightly better.} Nge7 {[#]} 9. bxc5 $146 ({Predecessor:
} 9. Rb1 O-O 10. Nd5 b6 11. c3 Be6 12. Be3 Kh7 13. d4 cxd4 14. cxd4 Bxd5 15.
exd5 Nxd4 16. Nxd4 exd4 17. Bxd4 Bxd4 18. Qxd4 {1/2-1/2 (36) Cornette,D (2462)
-Cmilyte,V (2542) Germany 2019}) 9... dxc5 10. Be3 b6 11. Nd5 (11. a4 {feels
hotter.} O-O 12. Rb1 Nd4 13. Nd2 Bb7 14. Rb2) 11... Be6 {[%cal Re7d5]} 12. Nxe7
Qxe7 13. Bd5 Rc8 14. c4 O-O 15. Bd2 Rfe8 16. Re1 Qd7 17. h3 Bxd5 18. exd5 Nd4
19. Nxd4 cxd4 20. Qb3 f5 21. f3 Qc7 22. Rac1 Kh7 23. Re2 a5 24. Rb1 Rb8 25. a4
Bf8 26. Rbe1 Bc5 {[#]} 27. Bf4 $1 {[%cal Rf4e5]} Bd6 28. Bc1 Bb4 29. Bd2 Bc5
30. Bf4 {[%cal Rf4e5]} Bd6 {[#]} 31. Kh1 $1 g5 32. Bc1 Bb4 33. Bd2 Bc5 34. Bc1
Re7 35. Ba3 Qd6 36. Ra1 Kg7 37. Rb2 Rbe8 38. Bxc5 bxc5 39. Qb6 Qxb6 40. Rxb6
$11 {[%mdl 4096] Endgame KRR-KRR} e4 41. d6 Rd7 42. fxe4 fxe4 43. dxe4 Rxe4 44.
Rc6 Kf6 45. Rxc5 Rxd6 {White must now prevent ...d3.} 46. Rd1 d3 47. Kg1 {[#]}
d2 ({Better is} 47... Re5 $1 $17 {[%cal Re5c5]} 48. Rb5 Rd4 49. Rb6+ Kf7 50.
Rb7+ Ke6 51. Rb6+ Ke7 52. Rb7+ Kf6 53. Rb6+ Kf7 54. Rb7+ Ke6 55. Rb6+ Kf7) 48.
Kf2 {The position is equal.} Kg6 49. Rd5 Rf6+ 50. Kg3 Rxc4 51. R1xd2 Rxa4 52.
Rd8 Re4 53. Rg8+ Kh5 54. Ra8 Rf5 55. Kh2 {g4+ is the strong threat.} g4 56. Ra2
Ree5 (56... gxh3 {is more complex.} 57. R8xa5 Rxa5 58. Rxa5+ Kg4 59. Ra6 h5)
57. Ra4 Rg5 {( -> ...g3+)} 58. hxg4+ Rxg4 59. R4xa5 Rxa5 60. Rxa5+ {KR-KR} Rg5
61. Ra3 Kg6 62. Ra6+ Kh5 63. Ra3 Kg6 64. Ra6+ Kh5 65. Ra3 {Weighted Error
Value: White=0.07/Black=0.06} 1/2-1/2

[Event "Opera Euro Rapid Prelims 2021"]
[Site "Online"]
[Date "2021.02.03"]
[Round "7.6"]
[White "Giri, Anish"]
[Black "Ding, Liren"]
[Result "1-0"]
[WhiteElo "2764"]
[BlackElo "2791"]
[Annotator "TA"]
[PlyCount "125"]
[EventDate "2021.02.02"]
[EventType "tourn"]
[EventCountry "NET"]
[Tiebreak "Koya+Number of black wins+Number of wins"]
[SourceTitle "playchess.com"]
[Source "ChessBase"]
[SourceQuality "1"]

{[%evp 10,125,5,0,0,0,0,0,0,0,0,0,0,0,0,0,0,0,0,-14,0,0,0,-35,0,0,0,0,0,-18,0,
-6,0,0,0,0,0,0,0,0,0,7,14,0,0,0,0,0,9,0,31,14,17,10,45,52,45,53,47,16,41,36,64,
65,70,75,95,52,241,215,252,246,373,368,439,407,418,387,431,428,427,422,412,401,
486,478,763,492,513,456,426,369,475,446,397,404,350,15,20,27,22,29,39,41,137,
131,122,0,100,0,0,0,12843,12843,12844,12844,12845,12845]} 1. e4 e5 2. Nf3 Nc6
3. Bb5 a6 4. Ba4 Nf6 5. Nc3 Bc5 6. O-O O-O {C77: Ruy Lopez: 3...a6 4 Ba4 Nf6,
unusual lines.} 7. Bxc6 dxc6 8. d3 Re8 {The position is equal.} 9. Be3 Bd6 10.
h3 Nd7 11. Nd2 Nf8 {[#]} 12. Ne2 $146 {[%cal Bc3e2,Be2g3,Bg3f5][%mdl 32]} ({
Predecessor:} 12. Nc4 Ng6 13. a4 Be6 14. Nxd6 cxd6 15. a5 d5 16. Na4 Qh4 17.
Qf3 Qe7 18. Bb6 {1-0 (49) Staniszewski,J (2498)-Corbat,P (2412) ICCF email 2010
}) 12... Ng6 13. Ng3 Be6 14. Nf5 Bf8 15. Qf3 Qd7 16. h4 (16. Rfd1 {is more
complex.} f6 17. Qg4 Kh8 18. Qf3 Kg8) 16... Ne7 (16... Bxf5 $5 17. Qxf5 Qxf5
18. exf5 Nxh4 $15) 17. Nxe7+ Bxe7 18. Qg3 f6 19. b3 Kh8 20. Kh1 Rad8 21. f4
exf4 22. Bxf4 Bd6 23. Rae1 h6 24. Nf3 Bxf4 25. Qxf4 c5 26. Rg1 b5 27. g4 Rf8
28. Qg3 Qd6 29. Kh2 c4 30. bxc4 bxc4 31. d4 Rb8 (31... Qa3 {keeps more tension.
} 32. d5 Bd7 33. Rg2 c6 34. e5 Be8) 32. d5 {Threatens to win with Qxd6.} Bd7
33. Qxd6 cxd6 34. Nd4 Rb2 35. a3 Ra2 36. Re3 $1 Re8 37. Kg3 Ba4 38. Rg2 c3 $2 (
38... Bd7 $14) 39. Nf5 $18 Rxa3 40. Nxd6 Rb8 (40... Rf8 $142 41. g5 h5) 41. g5
Bd7 42. Kf4 fxg5+ 43. hxg5 Rf8+ 44. Ke5 h5 45. g6 Kg8 46. Kd4 h4 47. Rh2 h3 (
47... Rf6 $142 48. Nc4 Ra4 49. Rxh4 Bb5) 48. e5 Rf4+ 49. Re4 Ra4+ 50. Ke3
Rfxe4+ 51. Nxe4 {[%mdl 4096] Endgame KRB-KRN} Bf5 52. Nd6 Bxg6 {Black wants to
play ...Rh4.} 53. e6 $2 (53. Rxh3 $18 {e6 is the strong threat.} Bxc2 54. e6)
53... Rh4 $1 $11 {With the idea ...Kf8.} 54. e7 a5 $1 55. e8=Q+ Bxe8 56. Nxe8 {
KRN-KR} Kf7 (56... Kf8 $1 $14 57. Nc7 Ke7) 57. Nd6+ $16 Kf6 {[#]} 58. Nb5 (58.
Kf2 $1 $16) 58... a4 (58... Ke5 $11 {keeps the balance.}) 59. d6 (59. Kf2 $16)
59... Ke6 $11 60. Kd3 {Black must now prevent Re2+.} g5 $2 {[%mdl 8192]} (60...
Kd7 $11) 61. Re2+ $18 {White is clearly winning.} Kd7 62. Re7+ Kc6 {[#]} 63. d7
$1 {Weighted Error Value: White=0.29/Black=0.25} 1-0

[Event "Opera Euro Rapid Prelims 2021"]
[Site "Online"]
[Date "2021.02.03"]
[Round "7.7"]
[White "Nepomniachtchi, Ian"]
[Black "Radjabov, Teimour"]
[Result "1/2-1/2"]
[WhiteElo "2789"]
[BlackElo "2765"]
[Annotator "TA"]
[PlyCount "95"]
[EventDate "2021.02.02"]
[EventType "tourn"]
[EventCountry "NET"]
[Tiebreak "Koya+Number of black wins+Number of wins"]
[SourceTitle "playchess.com"]
[Source "ChessBase"]
[SourceQuality "1"]

{[%evp 11,95,0,16,8,21,12,14,19,17,20,12,8,5,10,8,9,21,0,0,0,18,8,15,14,26,24,
10,16,25,21,26,0,0,0,0,-8,0,0,-6,-14,-14,-14,-14,-14,-27,-14,-12,-56,-47,-51,
-61,-80,0,0,0,0,0,0,0,0,0,0,0,0,0,0,0,0,0,-78,-67,-56,-20,-17,-8,-8,-8,-8,0,
-80,0,-8,0,-80,0,-8]} 1. e4 {Blatny,P} c5 2. Nf3 Nc6 3. d4 cxd4 4. Nxd4 e5 5.
Nb3 Nf6 6. Bg5 Bb4+ 7. c3 {B32: Sicilian: Löwenthal and Kalashnikov Variations.
} Be7 8. Bxf6 Bxf6 9. Na3 d6 {[#]} 10. Bc4 $146 ({Predecessor:} 10. Nc4 Be7 11.
Ne3 O-O 12. Bc4 Bg5 13. Qd3 Bxe3 14. Qxe3 Be6 15. Qe2 Na5 16. Nxa5 Qxa5 {
1/2-1/2 (23) Huebner,R (2620)-Anand,V (2635) Munich 1991 CBM 023 [Blatny,P]})
10... O-O 11. Qd3 a6 12. Rd1 Be7 13. O-O Bg4 14. f3 Bd7 15. Kh1 Qc7 16. Nc2 {
[%cal Ba3c2,Bc2e3,Be3d5][%mdl 32]} Rad8 (16... b5 $5 17. Bd5 $8 Rac8 $11) 17.
Ne3 Bg5 18. Nd5 Qb8 {[#] White must now prevent ...b5.} 19. Nb6 Be8 {Hoping
for ...Qa7.} 20. a4 Kh8 21. Na1 Qa7 22. Nd5 Na5 23. Nb3 Nxc4 24. Qxc4 b5 $36 {
[%mdl 2048] Black is more active.} 25. Qc7 Qxc7 26. Nxc7 bxa4 27. Nxe8 Rfxe8
28. Na5 Rb8 29. Nc4 Rec8 $1 {[%cal Rc8c4]} 30. Nxd6 {[%mdl 64] Double Attack}
Rc7 31. Ra1 {[#]} Rxb2 (31... Rb6 $1 $17 {[%cal Rb6d6]} 32. Rfd1 Kg8) 32. Rxa4
$11 Rb6 33. Nc4 {[%cal Rc4b6]} Re6 34. g3 g6 35. Rd1 Kg7 36. Kg2 Bf6 37. Rd5 h5
38. h4 Rec6 39. Nd6 {And now Ne8+ would win.} Kf8 {Strongly threatening ...Be7.
} 40. Rb4 (40. c4 $11 {keeps the balance.}) 40... Ke7 $17 ({But not} 40... Rxc3
41. Rb8+ Ke7 42. Re8+ Kd7 43. Ra8 $11) 41. Rb7 $1 Rxb7 42. Nxb7 Rxc3 $15 {
[%mdl 4096] Endgame KRB-KRN} 43. Nc5 $1 Rc2+ 44. Kf1 Rc3 45. Ke2 (45. Kg2 $1
$11 {remains equal.}) 45... Rc2+ ({Black should play} 45... a5 $17) 46. Kf1 $1
$11 Rc3 ({Black should try} 46... a5 $11) 47. Ke2 $17 Rc2+ (47... a5 $17) 48.
Kf1 $1 {Weighted Error Value: White=0.11/Black=0.12} 1/2-1/2